Datum a čas kvízu
20.5
Celkem bodů
Celkový počet nahraných bodů na tomto kvízu bez doplňovacích otázek.
13.
Pořadí na kvízu
Konečné umístění týmu na tomto kvízu.
Zaznamenané odpovědi
| # | Otázka | Odpověď | Body | Výsledky |
|---|---|---|---|---|
| 1. | Ve středu přijali poslanci nov... | přiosvojení | 0 | |
| 2. | Minulý týden jsme se dozvěděli... | na Novém Zélandu | 0 | |
| 3. | Minulý týden jsme se dozvěděli... | kameraman | 0 | |
| 4. | Minulý týden byl ohlášen defin... | vývojem elektromobilu (automobilu) | 0 | |
| 5. | LeBron James pokořil ve své 21... | 40 000 bodů | 1 | |
| 6. | Napište český i latinský název... | kost stehenní, femur (os femoris) | 0.5 | |
| 7. | Ve kterém kraji České republik... | v Královéhradeckém | 0 | |
| 8. | Antropoložce Brennanové, hlavn... | Temperance | 0 | |
| 9. | Která párová kost u psů a koní... | klíční kost (clavicula) | 0 | |
| 10. | V září roku 2012 byla pod park... | Richard III. | 0 |